000
00238nam a2200097Ia 4500
001
713054
005
20250826162839.0
008
250824s9999 xx 000 0 und d
245
0
_a
YILDIZ TOZU
_c
PRISCILLE SIBLEY
260
_b
ARKADYA YAYINLARI
999
_c
713054
_d
713054